| 000 | 00897pam a2200277 a 4500 | ||
|---|---|---|---|
| 999 |
_c1737 _d1737 |
||
| 001 | 710517 | ||
| 003 | OSt | ||
| 005 | 20230221171127.0 | ||
| 008 | 970828s1998 maua b 001 0 eng c | ||
| 010 | _a 97039908 | ||
| 020 | _a063204344X (pbk.) | ||
| 040 |
_aDNLM/DLC _cDLC _dDLC |
||
| 050 | 0 | 0 |
_aQM511 _b.S64 1998 |
| 060 | 1 | 0 | _aWW101 671c 1997 |
| 082 | 0 | 0 | _221 |
| 100 | 1 |
_aSnell, Richard S.; Lemp, Michael A. _9793 |
|
| 245 | 1 | 0 | _aClinical Anatomy of the Eye |
| 250 | _a2nd ed. | ||
| 260 |
_aMalden; _bBlackwell Science, _c1998. |
||
| 300 |
_aviii, 423 p. : _bill. (some col.) ; _c24 cm. |
||
| 504 | _aIncludes bibliographical references and index. | ||
| 650 | 0 |
_aEye Anatomy. _94578 |
|
| 906 |
_a7 _bcbc _corignew _d1 _eocip _f19 _gy-gencatlg |
||
| 942 |
_2z _cSLOAN |
||